[Event "CHN-chT"]
[Site "China"]
[Date "2019.11.22"]
[Round "17.1"]
[White "Grischuk, Alexander"]
[Black "Wen, Yang"]
[Result "1-0"]
[WhiteElo "2764"]
[BlackElo "2586"]
[Annotator "Lorenzini,Martin"]
[PlyCount "83"]
[EventDate "2019.04.09"]
[EventType "team-tourn"]
[EventRounds "22"]
[EventCountry "CHN"]
[SourceTitle "CBM 195 Extra"]
[Source "ChessBase"]
[SourceDate "2020.05.31"]
[SourceVersion "1"]
[SourceVersionDate "2020.05.31"]
[SourceQuality "1"]
[WhiteTeam "Shanghai China Mobil"]
[BlackTeam "Shandong Jingzhi"]
[WhiteTeamCountry "CHN"]
[BlackTeamCountry "CHN"]

1. e4 e5 2. Nf3 Nc6 3. Bc4 Bc5 4. O-O Nf6 5. d3 d6 6. c3 O-O 7. Re1 h6 {
This move avoids the annoying Bg5 from White. It also allows ideas with ...g5 
(if Black has not castled). The inconvenience is that it takes away the h6
square from the knight in the line ...Ng4 (intending ...Kh8/...f5) h3 and now
there is no ...Nh6..} 8. Nbd2 a6 {Another modern option is playing a5 directly,
looking for space on the queenside, many times followed by Qb8 and Qa7. An
expert on this is the great Chinese player Ding Liren.} (8... a5 9. h3 Be6 10.
Bb5 Qb8 11. Nf1 (11. Bxc6 bxc6 12. d4 exd4 13. cxd4 Bb4 14. a3 Bxd2 15. Nxd2
Re8 16. b3 d5 17. e5 Nd7 18. Qh5 c5 19. Re3 f5 20. exf6 Bf7 21. Qh4 Rxe3 22.
fxe3 Qe8 23. Nf3 Nxf6 24. dxc5 Bg6 25. Bb2 Qxe3+ 26. Kh2 Rf8 $11 {Giri, A. -
Ding Liren, 1/2-1/2, 3rd Du Te Cup 2019}) 11... Qa7 12. Be3 Bxe3 13. Nxe3 Ne7
14. a4 Ng6 15. Bc4 Bxc4 16. Nxc4 Qa6 17. g3 Rfe8 $11 {1/2 -1/2, Carlsen-Ding
Showdown G20, 2017}) 9. Nf1 Ba7 10. a4 Ne7 {At this point, Black has three
main plans: to play Ne7 and Ng6 as shown in the game; Be6 directly allowing
the pawns to be doubled on the e-file, or Re8-Be6 followed by ...d5 at the
right time.} (10... Be6 11. Bxe6 fxe6 12. Be3 Bxe3 13. Rxe3 a5 14. Ng3 Qe8 15.
Qb3 Ra6 16. Rae1 Rb6 17. Qc2 Ne7 18. Nd2 Ng6 19. f3 Ra6 20. Qb3 Rb6 21. Qc2 Ra6
22. Qb3 b6 23. d4 Ra8 24. Nc4 Nd7 25. Na3 Kh8 26. Nb5 Rc8 27. Na7 Ra8 28. Nb5
Rc8 29. Na7 Ra8 30. Nb5 Rc8 {Vocaturo, D. - Mamedyarov, S., 1/2-1/2, 43rd
Olympiad 2018}) (10... Re8 11. Qb3 (11. b4 Be6 12. Bxe6 Rxe6 13. Be3 Qd7 14. b5
Ne7 15. bxa6 bxa6 16. Bxa7 Rxa7 17. Qb3 c6 18. Rab1 Ng6 19. g3 a5 20. Ne3 Re8
21. Nc4 Kh7 22. Qc2 Qe6 23. Ne3 d5 24. Kg2 Kg8 25. h4 Rd7 26. c4 Red8 27. cxd5
cxd5 28. Rb5 $14 {Kramnik, V. - Adams, Mi, 1-0, Vugar Gashimov Mem 2017}) 11...
Qe7 12. a5 Rb8 13. Be3 Be6 14. Bxe6 Qxe6 15. Qxe6 Rxe6 16. Bxa7 Nxa7 17. Ne3
Rd8 18. b4 d5 $11 {Carlsen, M. - Mamedyarov, S. , 1/2-1/2, GCT Blitz Paris 2017
}) 11. Ng3 Ng6 12. d4 ({Grischuk employs an elite novelty. The normal way for
White is to play 12.h3 followed by d4. It is true that in grandmaster level
games Black equalizes comfortably with a quick ...d5.} 12. h3 c6 13. Bb3 (13.
Ba2 Be6 (13... d5 $5) 14. Bxe6 fxe6 $14 {Giri, A. - Nakamura, Hi, 1/2-1/2,
FIDE Candidates 2016}) 13... d5 14. exd5 Nxd5 15. d4 exd4 16. Nxd4 Re8 (16...
Bd7 17. Bxd5 cxd5 18. Be3 f5 19. f4 (19. Ne6 $5 Bxe6 20. Bxa7 Re8 21. Bd4 $13)
19... Kh7 20. Qf3 Qh4 (20... Qc7 $11) 21. Nge2 Rae8 22. Bf2 Qf6 23. Qxd5 Bc6
24. Nxc6 Bxf2+ 25. Kxf2 bxc6 26. Qd4 Qh4+ 27. Kg1 Re4 $11 {0-1 (81), 18th
ch-EUR Indiv 2017}) 17. Rxe8+ Qxe8 18. Bxd5 cxd5 19. Be3 Bb8 20. Qd2 Bxg3 (
20... Bd7 $11) 21. fxg3 Qe5 (21... Bd7 $11) 22. Bf2 Bd7 23. Nb3 Qg5 24. Qxg5
hxg5 25. Nc5 Bc6 26. b4 Ne5 27. Re1 Nd7 28. Nxd7 {Mareco, S. - Kravtsiv, M., 1/
2-1/2, 1st Sharjah Masters 2017}) 12... c6 13. Bd3 (13. h3 d5 14. Bb3 (14. Bd3
dxe4 15. Nxe4 Nxe4 16. Bxe4 f5 17. Bd3 e4 18. Bc4+ Kh8 19. Ne5 Nxe5 20. dxe5
Qe8 $15 {The pawn of e5 is weak.}) 14... Nxe4 15. Nxe4 dxe4 16. Nxe5 Nxe5 17.
dxe5 Qxd1 18. Rxd1 Bf5 $11) 13... Bg4 14. Be2 Re8 {This opening was a success
for the Chinese player.} 15. h3 Bxf3 16. Bxf3 d5 $1 {A thematic move,
achieving total equality.} 17. exd5 Nxd5 18. dxe5 Nxe5 (18... Qb6 $5) 19. Bxd5
Qxd5 20. Qxd5 cxd5 21. Rd1 Rad8 {We find a typical endgame of the French
Tarrasch variation, in which Black has control of the d4 square.} 22. Nf5 Nc6
23. Kf1 d4 {Black frees himself of his weakness, with full equality.} 24. cxd4
Bxd4 ({There are two satisfactory alternatives:} 24... Nxd4 25. Be3 Nc6 26.
Bxa7 Nxa7 27. Rxd8 Rxd8 28. Ke2 Nc6 29. Rd1 Re8+ (29... Rxd1 30. Kxd1 Kf8 31.
Kd2 {It seems that White is better here, but Black has an excellent move:} g6
$1 {It is understandable not wishing to go for this variation in a tournament
game.} 32. Nxh6 (32. Nd6 Nd8 33. Kd3 Ke7 34. Ne4 b6 35. Kd4 Ke6 $11) 32... f5
33. g4 Kg7 34. g5 $11) 30. Kf3 Re5 31. Ne3 Re6 $11) (24... Rd5 25. g4 h5 26.
Ra3 hxg4 27. hxg4 g6 28. Ng3 Rxd4 29. Rxd4 Bxd4 $11) 25. Nxd4 Nxd4 (25... Rxd4
26. Rxd4 Nxd4 $11) 26. Bf4 Nb3 (26... Nc6 27. b3 f6 28. Be3 Kf7 29. Bb6 Rxd1+
30. Rxd1 $11) 27. Rxd8 Rxd8 28. Ra3 Nc5 (28... Nc1 $5 {This is a beautiful but
unnecessary move} 29. Bxc1 Rd1+ 30. Ke2 Rxc1 31. Kd2 Rg1 32. g3 g6 33. Rb3 Ra1
$11) (28... Na5 29. Ke2 $11) 29. Be3 Rd5 30. Ke2 {When I saw this game for the
first time, I was surprised by the easy way White won the ending. I thought it
was due to the excellent technique of Grischuk. A detailed analysis shows that
Black made various mistakes. Although his game is not easy at all, he can
achieve a draw with precise play.} Kf8 $2 (30... a5 {This move places a pawn
in the enemy bishop's range, but fixes the weakness a4. White is almost
obliged to switch the bishop for the knight to free his rook from a3.} 31. Bxc5
(31. Ra1 Re5 32. Ra3 Rd5 33. g3 $11) 31... Rxc5 32. Rc3 {This is the only try
to get some advantage.} Rxc3 33. bxc3 Kf8 34. Kd3 Ke7 35. Kc4 Kd6 36. Kb5 Kd5
37. Kxa5 Kc5 38. f4 g6 39. g4 f5 40. gxf5 gxf5 41. c4 h5 42. h4 b6+ 43. Ka6 Kc6
44. Ka7 Kc7 45. Ka8 Kc8 $11) 31. b4 Ne6 (31... Ne4) 32. Rd3 Rxd3 33. Kxd3 {
We see an endgame in which White has an advantage. With pawns on both sides
and an open center, the bishop could be a bit superior to the knight. Also,
the white king is superior to the black one. The question is if this is enough
to win.} Ke7 34. Kc4 Kd6 35. g4 Ke5 $6 (35... g6 $5 36. Bxh6 {Otherwise, Black
places all pawns on light squares.} g5 {Sacrificing a pawn, Black has trapped
the white bishop on the square h6.} 37. b5 (37. f4 gxf4 38. h4 b5+ 39. axb5
axb5+ 40. Kxb5 Ke5 41. Kc4 Ke4 42. Kc3 Kf3 43. b5 Nc7 44. Kc4 Kxg4 45. b6 Na6
46. b7 f3 47. Be3 $11) 37... f6 38. a5 axb5+ 39. Kxb5 Kc7 40. f4 gxf4 41. h4
Kd7 42. Kb6 Kc8 43. h5 Kb8 44. Kb5 Kc7 45. Kc4 Kd6 46. Kd3 Ke5 47. Bg7 Nc5+ 48.
Ke2 Ne6 49. h6 Ng5 $11) (35... Ng5 $5) 36. b5 Kd6 37. f4 (37. h4 $1 {would
have been a better move, with the idea of h5 blocking the black pawn on h6.
Also, after 37.f4, in many variations the bishop on e3 is undefended.} g5 (
37... axb5+ 38. Kxb5 Kd7 39. h5 Nf8 40. f4 Nh7 41. g5 hxg5 42. fxg5 $16) 38. h5
axb5+ 39. Kxb5 Nc7+ 40. Kc4 (40. Kb6 $2 Nd5+ 41. Kxb7 Nxe3 42. fxe3 f5 $11)
40... Ne6 41. a5 Kc6 42. Bc1 Nc5 43. f4 gxf4 44. Bxf4 $18) 37... axb5+ 38. axb5
(38. Kxb5 $6 Nc7+ 39. Kc4 (39. Kb6 Nd5+ 40. Kxb7 Nxe3 41. a5 Nc4 42. a6 Na5+
43. Kb6 Nc6 44. f5 g6 45. fxg6 fxg6 46. h4 g5 47. h5 Kd7 48. Kb7 $11 {White
keeps the king on b7 and b6.}) 39... Nd5 40. Bd2 Nb6+ 41. Kb5 Nd7 $11 {The
white king cannot enter the queenside.}) 38... g5 $2 (38... Kd7 39. Kd5 Nc7+
40. Kc5 g6 41. b6 (41. Bd2 h5 42. Kb6 hxg4 43. hxg4 Kc8 $11) 41... Ne8 42. Kd5
h5 43. g5 $11) 39. f5 $18 Nf4 (39... Nc7 40. Bf2 Kd7 41. Bd4 Ne8 42. Kd5 Nc7+
43. Kc5 Ne8 44. Be5 $18) 40. Bxf4+ gxf4 41. Kd4 f6 42. h4 1-0

[Event "FRA-chT poule haute"]
[Site "France"]
[Date "2003.05.08"]
[Round "9.2"]
[White "Hamdouchi, Hicham"]
[Black "Adams, Michael"]
[Result "1/2-1/2"]
[WhiteElo "2615"]
[BlackElo "2734"]
[Annotator "Lukacs,P"]
[PlyCount "58"]
[EventDate "2003.05.07"]
[EventType "team"]
[EventRounds "4"]
[EventCountry "FRA"]
[SourceTitle "CBM 095"]
[Source "ChessBase"]
[SourceDate "2003.07.25"]
[SourceVersion "1"]
[SourceVersionDate "2003.07.25"]
[SourceQuality "1"]
[WhiteTeam "Montpellier"]
[BlackTeam "Paris NAO"]
[WhiteTeamCountry "FRA"]
[BlackTeamCountry "FRA"]

1. e4 e5 2. Nf3 Nc6 3. Bc4 Bc5 4. c3 Nf6 5. d3 a6 6. Nbd2 O-O 7. Bb3 Ba7 8. O-O
d6 9. Nc4 b5 $5 {This is a bit unusual, but still playable.} (9... h6 {and}) (
9... Be6 {are the main lines.}) 10. Ne3 Ne7 (10... Na5 11. Bc2 c5 {is the
"spanish" solution, but the B on a7 looks peculiar.} 12. Re1 Re8 13. h3 $14)
11. a4 (11. Nh4 Be6 (11... d5 12. Qf3 Bb7 13. Ng4 Nxg4 14. Qxg4 Qc8 15. Qh5 Qe6
$13 {and White has no real pressure on the >>, Pokojowczyk-Kostyra, Myslenice
1987.}) 12. Qf3 Qd7 13. h3 c6 {/\ d5} 14. g4 d5 {White's |^ on the flank is
countered by a central push.} 15. Bc2 Ng6 16. Nef5 Nxh4 17. Nxh4 Ne8 18. Nf5 f6
$13 {Sitnikov-Maiorov, EU-ch U16 Haldiki 2001}) 11... Bb7 {/\ d5 is the active
counterplay.} (11... Bd7 {is a bit passive, but covers >< f5.} 12. Re1 Ng6 13.
Nd5 Nxd5 14. Bxd5 c6 15. Bb3 h6 16. h3 Qf6 17. d4 Be6 $11 {Dgebuadze-Erwich,
Utrecht op 2000}) 12. Nh4 d5 $1 {This push in the [+] is Black's main weapon
here.} 13. Ng4 (13. exd5 Nfxd5) 13... Nxg4 (13... Qd6 $5 14. Nxf6+ Qxf6 15. Qg4
) 14. Qxg4 Kh8 {leaving the a2-g8 /^.} 15. Re1 (15. Nf5 {leads to unnecessary
exchanges.} Nxf5 16. Qxf5 dxe4 17. dxe4 Qd6 $11) 15... f6 16. exd5 {White
seemingly gives up the [+], but he can prepare d4 by tactical means.} Bxd5 17.
Bxd5 Nxd5 (17... Qxd5 18. d4 $1) 18. d4 $1 {This is the main idea, but even so
the position remains equal.} exd4 19. Nf5 Rg8 20. Nxd4 Bxd4 21. Qxd4 Nb6 22.
Qxd8 Rgxd8 $11 23. axb5 axb5 24. Bf4 Nd5 25. Bg3 Kg8 26. h3 Kf7 27. Rac1 Re8
28. Red1 c6 29. b3 Red8 1/2-1/2

[Event "Bermuda"]
[Site "Bermuda"]
[Date "2004.01.21"]
[Round "6"]
[White "Macieja, Bartlomiej"]
[Black "Vescovi, Giovanni P"]
[Result "0-1"]
[WhiteElo "2653"]
[BlackElo "2633"]
[Annotator "Lukacs,P"]
[PlyCount "56"]
[EventDate "2004.01.15"]
[EventType "tourn"]
[EventRounds "10"]
[EventCountry "BER"]
[EventCategory "16"]
[SourceTitle "CBM 099"]
[Source "ChessBase"]
[SourceDate "2004.03.30"]
[SourceVersion "1"]
[SourceVersionDate "2004.03.30"]
[SourceQuality "1"]

1. e4 e5 2. Nf3 Nc6 3. Bc4 Bc5 4. c3 Nf6 5. d4 exd4 6. e5 d5 7. Bb5 Ne4 8. cxd4
Bb6 9. Nc3 O-O 10. Bxc6 bxc6 11. Be3 {The whole variation is not dangerous for
Black from theoretical point of view, but it can be promising as a surprise
weapon!} f5 (11... Bg4 {is meant to be slightly inferior, but this statement
needs thorough verification as well.} 12. Qa4 $1 (12. h3 $6 Bh5 {works for
Black, because after} 13. Qa4 c5 $5 14. dxc5 {the B is not hanging on g4.} Nxc5
15. Bxc5 Bxc5 16. O-O-O d4 {Black's ^^ is really marvellous!} 17. g4 Bg6 18.
Rhe1 {Here the positional Q sacrifice by} dxc3 $1 {was the clear-cut solution.}
(18... Rb8 19. Rxd4 $1 {This is the best practical chance. White sacrifices
the exchange, but destroys Black's ^^ and avoids the -> on the <<.} Bxd4 20.
Qxd4 $1 {White's chances are in the _|_.} (20. Nxd4 Qg5+ 21. Re3 Qf4 $15) 20...
Re8 21. Rd1 Qxd4 22. Nxd4 $1 (22. Rxd4 Rbd8 $1 $15) 22... f6 23. e6 Rbd8 24. f4
c5 25. Ndb5 Rxd1+ 26. Kxd1 {(Honfi-Lukacs, Budapest 1982)} Rd8+ $1 27. Ke1 Be8
$15) 19. Rxd8 Rfxd8 20. Rd1 (20. bxc3 Rd3 $1) 20... Rxd1+ 21. Qxd1 Rb8 $17) (
12. Qc2 Rb8 13. Nxe4 dxe4 14. Qxe4 Bxf3 15. gxf3 {White's P formation is
utterly corrupted.} Ba5+ 16. Kf1 f5 17. exf6 Qxf6 $17 {Valvo-Brooks, New York
op 1990}) 12... c5 $5 (12... Nxc3 13. bxc3 Qd7 $13 {deserves attention.}) 13.
dxc5 $1 (13. Nxe4 dxe4 14. dxc5 exf3 15. Qxg4 (15. cxb6 fxg2 16. Rg1 Bf3) 15...
Qd3 $1 16. gxf3 Ba5+ 17. b4 Qc3+ 18. Ke2 Bxb4 $13 {and the white K is not
completely safe in the middle.}) 13... Bxf3 14. gxf3 Nxc5 15. Bxc5 Bxc5 16.
O-O-O Bxf2 $1 (16... Qe8 17. Qa5 Bxf2 18. Qxd5 Qe6 19. Kb1 Rac8 20. Rhf1 Bb6
21. f4 Qf5+ 22. Ka1 h6 23. Ne4 {White successfully centralized his pieces.} Kh7
24. Ng3 Qg4 25. a3 Qh3 26. Qe4+ Kh8 27. f5 $16 {Sveshnikov-Dautov, Pinsk 1986})
(16... d4 17. Ne4 Qe7 18. f4 $14 {and the black B is rather bad.}) 17. Nxd5 (
17. Rxd5 Qg5+) 17... Qe8 $1 (17... Qg5+ 18. f4 Qh4 19. Qc6 $1 $14) 18. Qc2 Bb6
19. Rhe1 Qe6 20. Kb1 Rfd8 21. Qe4 {White's centralized pieces dominate the
board.} c6 22. Nf4 Qh6 23. Rxd8+ Rxd8 24. e6 fxe6 25. Nxe6 $14 {Huerta-Estrada
Nieto, Carlos Torre op 2000}) (11... Nxc3 $5 12. bxc3 Ba6 13. Qa4 Qc8 $1 {
Black sacrifices the doubled P in order to put pressure on the weakened light
squares.} (13... Bb5 14. Qc2 Ba5 15. Ng5 g6 16. h4 $40) 14. Qxc6 Qf5 $132) 12.
exf6 (12. O-O {allows the advance} f4 13. Bc1 Bg4 $132) 12... Qxf6 13. Nxe4 $2
{Now Black's ^^ gets the main role in the play.} (13. Qb3 Qg6 $1 $132 {-
Rowson-I.Sokolov, Selfoss 2003 CBM 98} (13... Bh3 14. Nxe4 Qe7 15. Ne5 Bxg2 16.
Ng3 Ba5+ 17. Kd1 Bxh1 18. Nxh1 $16 {and Black has no compensation for the lost
material.})) (13. h3 Ba6 $40) 13... dxe4 14. Nd2 Ba6 (14... Qg6 15. Qc2 Bf5 $13
) 15. Nxe4 (15. Qg4 Rae8 $36) 15... Ba5+ {The ^^ looks rather esthetic now.}
16. Nc3 (16. Nd2 Qxf2+ $19) 16... Bxc3+ {One of the big advantages of the ^^
is that You can chose the optimal moment for it's exchange!} 17. bxc3 Qg6 {
The opposite coloured B strengthens the -> as a rule. The white K remains in
the middle.} (17... c5 $5) 18. Rb1 $6 {Finally White will lose the b <->,
which is not a surprise, because his K hinders the connection of the rooks.} (
18. Rg1 Rab8 $15) (18. Qb3+ $6 Kh8 19. c4 Qxg2 $17) 18... Bd3 19. Rb7 (19. Rb2
Rab8 $19) 19... Bc2 20. Qe2 Rab8 21. Qc4+ Kh8 22. Rxb8 Rxb8 $19 {and there is
no defence against the penetration on the b <->. White is playing practically
without his R.} 23. Ke2 Rb2 24. Qc5 Bb3+ 25. Kf3 Bd5+ 26. Kf4 Qe4+ 27. Kg3
Qxg2+ 28. Kh4 Qxh1 0-1

[Event "RUS-chT 07th"]
[Site "Smolensk"]
[Date "2000.04.19"]
[Round "5"]
[White "Ivanov, Victor L"]
[Black "Svirin, Oleg"]
[Result "1-0"]
[WhiteElo "2415"]
[BlackElo "2366"]
[Annotator "Lukacs,P"]
[PlyCount "49"]
[EventDate "2000.04.15"]
[EventType "team-tourn"]
[EventRounds "11"]
[EventCountry "RUS"]
[SourceTitle "CBM 077"]
[Source "ChessBase"]
[SourceDate "2000.07.27"]
[SourceVersion "1"]
[SourceVersionDate "2000.07.27"]
[SourceQuality "1"]
[WhiteTeam "Moscow Phoenix"]
[BlackTeam "Smolensk TsEM"]
[WhiteTeamCountry "RUS"]
[BlackTeamCountry "RUS"]

1. e4 e5 2. Nf3 Nc6 3. Bc4 Bc5 4. c3 Nf6 5. d3 d6 6. Nbd2 a6 7. Bb3 O-O 8. O-O
Ba7 9. h3 Ne7 {Black wants to improve his N's position. From g6 he is
threatening >< f4.} (9... h6 {/\ Re8 and Be6 is an other plan.}) 10. Re1 Ng6
11. Nf1 Nh5 {The idea of sparing h7-h6 deserves serious attention.} (11... h6 {
is the normal main line here.}) 12. d4 (12. Bg5 {looks like a refutation at
first sight, but Black can fight back.} Qe8 13. Nxe5 (13. Nh4 {leads to only
unnecessary exchanges.} Nhf4 14. Nxg6 Nxg6 15. Ng3 Kh8 16. Nf5 Be6 17. Qh5 {
without pawns the -> of pieces is not dangerous.} f6 18. Be3 Qf7 19. Bxe6 Qxe6
20. Qg4 Qf7 21. Bxa7 Rxa7 22. g3 Raa8 23. d4 Rae8 $11 {Prihotko-Grabarczyk,
Bydgoszcz Bank Pocztowy op 1999}) (13. d4 Nhf4 14. Ne3 Ne6 {Now White has to
give up the ^^.} 15. Nf5 Nxg5 16. Nxg5 h6 17. Nf3 Nf4 18. g3 Ne6 (18... Nxh3+
$2 {opens up the h <-> only for White.} 19. Kg2 Ng5 20. Nxg5 hxg5 21. Qh5 $18)
19. dxe5 dxe5 20. Qd5 (20. Nxe5 $6 {is rather risky, because Black gets
counterplay against the weakened >>.} Ng5 21. Nd3 Bxf5 22. exf5 Qc6 23. Ne5 Qc5
24. Re2 Rfe8 25. h4 Rxe5 (25... Nh3+ 26. Kg2 Rxe5 27. Kxh3 Rxe2 28. Qxe2 Qxf5+
$11 {Bitoon-Marciano, Elista ol (Men) 1998}) 26. hxg5 Rxf5 27. Qc2 Rxg5 $15)
20... f6 21. Rad1 Kh8 $11) 13... Qxe5 $5 (13... Nxe5 {looks riskier at first
sight, but even here things are far from clear.} 14. d4 $1 Nf6 15. Bxf6 gxf6
16. dxe5 fxe5 17. Ng3 (17. Qh5 Qe7 18. Rad1 Qf6 19. Ne3 Kh8) 17... Kh8 18. Qf3
Qe7 19. Kh2 Qg5 $13 {and although the light squares are weak, Black's pieces
can easily be activated, A.Grosar-S.Polgar, Bled op 1994.}) 14. Qxh5 Nf4 15. d4
$1 Nxh5 16. dxe5 dxe5 17. Rad1 h6 18. Be3 Nf6 {defending the penetration
squares on the d <->.}) 12... Nhf4 13. Ng3 (13. dxe5 {gives up White's central
advantage.} dxe5 14. Bxf4 {Now White gives up his ^^ as well.} (14. Be3 Qf6) (
14. Qxd8 Rxd8 15. Bxf4 exf4 {- 14Bf4}) 14... exf4 15. Qxd8 (15. Qd5 Qxd5 16.
exd5 (16. Bxd5 c6 17. Bb3 Be6 $11) 16... Bf5) 15... Rxd8 16. Rad1 Be6 17. Bxe6
fxe6 $11 {with a strong B on the g1-a7 /^.}) (13. Bxf4 $5 {This is a dangerous
idea, because Black has only Hobson's choice.} exf4 {ruins the P structure and
allows e4-e5, but avoids the direct threats..} (13... Nxf4 {At first sight
this is the consequent reply, but here Black has to go for wild complications.}
14. dxe5 Bxh3 15. gxh3 Nxh3+ 16. Kg2 Nxf2 17. Qd5 Qc8 18. e6 Kh8 (18... fxe6 $2
19. Qxe6+ Qxe6 20. Bxe6+ Kh8 21. Ng5 $16) 19. Ng5 fxe6 20. Qxe6 Qxe6 21. Nxe6
Nd3 (21... Rf6 $2 22. Re2 (22. Nxc7 $18) 22... Nd3 (22... Re8 $2 23. Nxc7 Re5
24. Ng3 $18 {Waitzkin-Acs, Budapest 1997}) 23. Rd1 Rxe6 24. Rxd3 Re5 $16) 22.
Re2 Nf4+ 23. Nxf4 Rxf4 24. Ng3 $16) 14. Qd3 (14. e5 d5) 14... Re8 (14... Be6
15. Rad1 Qe7 16. e5 Bxb3 (16... d5 17. Bc2 c5 18. dxc5 Bxc5 19. N1d2 $14 {
/\ Nb3 >< d4}) (16... dxe5 $6 17. Nxe5 Nxe5 (17... Nh4 $2 {(Magem Badals-Flear,
Palma de Mallorca 1991)} 18. Nxf7 $1 $18) 18. Rxe5 $16) 17. exd6 (17. axb3 d5)
17... Qxd6 18. axb3 Rfe8) 15. N1d2 c6 {putting up a persistant resistance.}) (
13. Be3 {is too peaceful.} Bd7 14. Kh1 Qc8 15. Ng1 c5 16. d5 c4 17. Bc2 f5 18.
g3 Nd3 19. Bxd3 cxd3 20. Bxa7 Rxa7 21. Qxd3 fxe4 22. Qe3 Ra8 23. Kg2 Bf5 $17 {
Bakhtadze-Aleksandrov, RUS-Cup Krasnodar 1998}) 13... Qf6 $2 {[#] Falling into
the well-known trap.} (13... Bd7 $5 {Magem Badels-Alesandrov, Elista ol (Men)
1998 CBM CBM66}) (13... Qe7 14. Be3 (14. Ne2 {is already met by} Qf6) 14... Rd8
15. Bc2 h6 16. Nf5 Qf6 17. g3 Ne6 18. Nh2 Re8 19. Qh5 Ngf8 20. Ng4 (20. dxe5
dxe5 21. Bxh6 {is exciting, but at the end it leads only to a draw.} Qg6 22.
Qh4 gxh6 23. Nxh6+ Kg7 24. Nf5+ Kg8 25. Nh6+ (25. Ng4 {can even be risky after}
Nh7 $1 26. Ne7+ (26. Nxe5 Qg5) (26. Qe7 Rf8 27. Kg2 Bc5 28. Qxc5 Nxc5 29. Ne7+
Kg7 30. Nxg6 fxg6 31. Nxe5 Ng5 $15) 26... Rxe7 27. Qxe7 Neg5 28. Nxe5 Qb6 $132)
25... Kg7 26. Nf5+ Kg8 {1/2:1/2 Kramnik-Campora, GMA-Open Moscow 1989}) 20...
Qg6 21. Qh4 $14) 14. Nh5 $1 $16 {[%mdl 64] This is the nasty trick here!} (14.
Be3 {misses the chance.} Be6 15. Bc2 Bb6 16. a4 c5 17. Nf5 cxd4 18. cxd4 Ba5
19. Bd2 Bxd2 20. Qxd2 exd4 21. Qxd4 Ne5 $15 {Kamsky-Shereshevsky, Minsk 1988})
14... Qe7 $2 {Black loses his head after this blunder.} (14... Qd8 {was the
persistant reply.} 15. Bxf4 Nxf4 (15... exf4 16. Qd2 $16) 16. Nxf4 exf4 17. Qd2
(17. e5 d5 18. Qd2 g5 19. Bc2 Kg7 20. Qd3 Rh8 $14) 17... g5 (17... Qf6 18. e5
$16) 18. Qd3 (18. e5 d5 {- 17.e5}) 18... Kg7 (18... Be6 19. d5 Bd7 20. e5) 19.
Bc2 Rh8 $16) 15. Bxf4 Nxf4 (15... exf4 16. Qd2 $16) 16. Nxf4 exf4 17. e5 (17.
Qd2 {was also rather strong.} g5 (17... Qf6 18. e5 dxe5 19. Nxe5 h6 (19... f3
20. Nxf7 $1 fxg2 21. Qg5 $1 Qxg5 22. Nxg5+ Kh8 23. Nf7+ Kg8 24. Re7 $18)) 18.
e5 h6 19. exd6 Qxd6 20. h4 $1 Bg4 21. Qd3 $16 {Belikov-Novik, URS-ch U20 Sochi
1990}) 17... dxe5 (17... c6 {was the lesser evil.} 18. exd6 Qxd6 19. Ne5 Be6
20. Bxe6 fxe6 (20... Qxe6 21. Qf3 $16) 21. Qg4 $16 {with an awful P structure
for Black.}) 18. Nxe5 $18 {Now the material loss is inevitable.} Be6 (18... Qf6
19. Nxf7 $18) 19. Qf3 Qg5 20. Qxb7 c5 21. Bxe6 fxe6 22. Qxa6 f3 23. Qxe6+ Kh8
24. Nxf3 Rxf3 25. Re5 1-0